| 000 | 00484nam a2200193Ia 4500 | ||
|---|---|---|---|
| 001 | 64029 | ||
| 008 | 191106n ii |||gr||||Z||||||465 | ||
| 020 | _a9788126728596 | ||
| 082 | _a891.4309 | ||
| 100 | _aKamaleswar. | ||
| 245 | 0 |
_aNai Kahani Ki Bhumika _cBy Kamaleswar _hTextual Documents |
|
| 250 | _aRev edn. | ||
| 260 |
_aDelhi _bRajkamal prakashan |
||
| 300 |
_a191pg: _c23cm. |
||
| 653 | _aHindi | ||
| 653 | _aNai Kahani Ki Bhumika | ||
| 653 | _aG-Hindi | ||
| 942 |
_2ddc _cBK |
||
| 999 |
_c65129 _d65129 |
||